| 000 | 01464cam a2200301 a 4500 | ||
|---|---|---|---|
| 001 | 4477 | ||
| 003 | FISKH | ||
| 005 | 20250404095924.0 | ||
| 008 | 050921s2005 pauab b 000 0 eng | ||
| 010 | _a 2005282218 | ||
| 020 | _a1590780930 | ||
| 020 | _a9780545591935 | ||
| 040 |
_aDLC _cDLC _dDLC _beng |
||
| 050 | _aZ716.R88 | ||
| 082 | _a027.4 | ||
| 100 | 1 | _aRuurs, Margriet. | |
| 245 | 1 | 0 |
_aMy librarian is a camel : _bhow books are brought to children around the world / _cMargriet Ruurs. |
| 260 |
_aNew York : _bScholastic, _c2005 |
||
| 300 |
_a32 pages : _bcolor illustrations ; maps ; _c23 x 26 cm. |
||
| 520 | _aDo you get books from a public library in your town or even in your school library? In many remote areas of the world, there are no library buildings. In many countries, books are delivered in unusual way: by bus, boat, elephant, donkey, train, even by wheelbarrow. Why would librarians go to the trouble of packing books on the backs of elephants or driving miles to deliver books by bus? Because, as one librarian in Azerbaijan says, "Books are as important to us as air or water!" This is the intriguing photo essay, a celebration of books, readers, and libraries. | ||
| 650 | 0 |
_aTraveling libraries _vJuvenile literature. |
|
| 650 | 0 |
_aLibrarians _vJuvenile literature. |
|
| 650 | 1 | _aTraveling libraries. | |
| 650 | 1 | _aLibraries. | |
| 906 |
_a7 _bcbc _corignew _d2 _encip _f20 _gy-gencatlg |
||
| 942 |
_2ddc _cBK _n0 |
||
| 999 |
_c4477 _d4477 |
||